| 000 | 00361cam a22001337a 4500 | ||
|---|---|---|---|
| 008 | 180718b1957 xxu||||| |||| 00| 0 eng d | ||
| 082 | _aA99 L811 | ||
| 100 | _aLockhart, R.H.B. | ||
| 245 |
_aFriends foes and foreigners _cby R.H.B. Lockhart |
||
| 260 |
_aLondon _bPuntnam _c1957 |
||
| 300 | _a286p. | ||
| 500 | _a21/- | ||
| 650 | _aLockhart, Sir Robert Burce, 1887 | ||
| 999 |
_c372114 _d372114 |
||